[Event "Muenster Bezirksliga 0607"]
[Site "Germany"]
[Date "2006.12.09"]
[Round "4.5"]
[White "Westkamp, Matthias"]
[Black "Hanewinkel, Winfried"]
[Result "1/2-1/2"]
[WhiteElo "1755"]
[BlackElo "1861"]
[PlyCount "82"]
[EventDate "2006.09.16"]
[EventType "team"]
[EventRounds "9"]
[EventCountry "GER"]
[SourceTitle "EXT 2008"]
[Source "ChessBase"]
[SourceDate "2007.11.25"]
[SourceVersion "1"]
[SourceVersionDate "2007.11.25"]
[SourceQuality "1"]
[WhiteTeam "Westbevern II"]
[BlackTeam "Beelen"]
[WhiteTeamCountry "GER"]
[BlackTeamCountry "GER"]

1. e4 c5 2. Nc3 Nc6 3. g3 g6 4. Bg2 Bg7 5. d3 Rb8 6. f4 b5 7. Nf3 b4 8. Ne2 e6 9. 0-0 Nge7 10. c3 d5 11. e5 0-0 12. Be3 d4 13. cxd4 Nf5 14. Bf2 Ncxd4 15. Nexd4 cxd4 16. g4 Ne3 17. Bxe3 dxe3 18. Re1 Qb6 19. Qe2 Ba6 20. Qxe3 Bxd3 21. Qxb6 Rxb6 22. Rad1 Bb5 23. Rd4 Bc6 24. Nd2 Bxg2 25. Kxg2 Rfb8 26. Ree4 Bf8 27. Nb3 Ra6 28. Nc1 Rc8 29. Rc4 Rd8 30. Re2 Ra5 31. b3 Rad5 32. Rcc2 Rd1 33. Re4 R8d5 34. Rec4 R1d2+ 35. Ne2 Rxc2 36. Rxc2 g5 37. Kf3 gxf4 38. Kxf4 Kg7 39. Ke4 Rd1 40. Nd4 Re1+ 41. Kf4 Kg6 1/2-1/2